[Event "WCO 2016"]
[Site "?"]
[Date "2016.09.11"]
[Round "9"]
[Board "21"]
[WhiteID "4130189"]
[White "Atalik Ekaterina"]
[BlackID "109878"]
[Black "Lujan Carolina"]
[Result "1/2-1/2"]
[BlackElo "2378"]
[WhiteElo "2422"]
[LiveChessVersion "1.4.8"]

1. d4 {[%clk 1:30:56]} Nf6 {[%clk 1:30:48]} 2. c4 {[%clk 1:31:06]} g6
{[%clk 1:31:10]} 3. g3 {[%clk 1:31:18]} Bg7 {[%clk 1:31:11]} 4. Bg2
{[%clk 1:31:30]} d5 {[%clk 1:31:24]} 5. cxd5 {[%clk 1:31:15]} Nxd5
{[%clk 1:31:46]} 6. Nf3 {[%clk 1:30:38]} O-O {[%clk 1:31:02]} 7. O-O
{[%clk 1:30:44]} Nb6 {[%clk 1:31:03]} 8. Nc3 {[%clk 1:30:13]} Nc6
{[%clk 1:31:14]} 9. e3 {[%clk 1:30:23]} a5 {[%clk 1:31:31]} 10. d5
{[%clk 1:28:58]} Nb4 {[%clk 1:25:11]} 11. e4 {[%clk 1:28:30]} c6 {[%clk 1:12:39]}
12. a3 {[%clk 1:27:49]} Na6 {[%clk 1:12:55]} 13. dxc6 {[%clk 1:27:55]} bxc6
{[%clk 1:12:34]} 14. Qc2 {[%clk 1:27:53]} Be6 {[%clk 1:05:58]} 15. Rd1
{[%clk 1:22:14]} Qc8 {[%clk 1:05:14]} 16. Ne2 {[%clk 1:19:02]} a4
{[%clk 0:57:35]} 17. Ned4 {[%clk 1:11:06]} Bc4 {[%clk 0:55:00]} 18. Nd2
{[%clk 1:07:35]} Bb5 {[%clk 0:51:52]} 19. Nf1 {[%clk 0:58:41]} Rb8
{[%clk 0:36:36]} 20. Bg5 {[%clk 0:48:51]} Rd8 {[%clk 0:23:16]} 21. e5
{[%clk 0:44:26]} Bxe5 {[%clk 0:11:24]} 22. Nxc6 {[%clk 0:42:59]} Bxc6
{[%clk 0:11:51]} 23. Bxc6 {[%clk 0:41:32]} Qc7 {[%clk 0:08:53]} 24. Rxd8+
{[%clk 0:35:16]} Rxd8 {[%clk 0:09:23]} 25. Rc1 {[%clk 0:34:44]} Nb8
{[%clk 0:05:02]} 26. Bxa4 {[%clk 0:31:49]} Qxc2 {[%clk 0:05:23]} 27. Bxc2
{[%clk 0:32:01]} Bxb2 {[%clk 0:05:31]} 28. Rb1 {[%clk 0:32:18]} Bd4
{[%clk 0:05:54]} 29. Bxe7 {[%clk 0:30:50]} Re8 {[%clk 0:06:09]} 30. Bg5
{[%clk 0:30:21]} Nc4 {[%clk 0:04:39]} 31. Ba4 {[%clk 0:25:41]} Rc8
{[%clk 0:01:15]} 32. Bf4 {[%clk 0:24:07]} Nc6 {[%clk 0:01:26]} 33. Nd2
{[%clk 0:15:30]} Nxa3 {[%clk 0:01:23]} 34. Rb7 {[%clk 0:14:20]} Na5
{[%clk 0:01:06]} 35. Rd7 {[%clk 0:14:16]} Bb2 {[%clk 0:01:05]} 36. Ne4
{[%clk 0:13:26]} N3c4 {[%clk 0:01:24]} 37. Bb5 {[%clk 0:11:36]} Nb6
{[%clk 0:00:59]} 38. Ra7 {[%clk 0:09:47]} Nac4 {[%clk 0:01:22]} 39. Ng5
{[%clk 0:08:14]} Rf8 {[%clk 0:01:09]} 40. Rb7 {[%clk 0:34:11]} Bd4
{[%clk 0:30:45]} 41. Nf3 {[%clk 0:23:17]} Na5 {[%clk 0:21:57]} 42. Ra7
{[%clk 0:22:11]} Bc3 {[%clk 0:22:03]} 43. Bc7 {[%clk 0:19:41]} Nbc4
{[%clk 0:18:43]} 44. Ng5 {[%clk 0:18:40]} Na3 {[%clk 0:16:08]} 45. Bd7
{[%clk 0:16:23]} N5c4 {[%clk 0:16:17]} 46. Ne4 {[%clk 0:13:15]} Bd4
{[%clk 0:15:09]} 47. Ra4 {[%clk 0:12:32]} Be5 {[%clk 0:10:05]} 48. Rxa3
{[%clk 0:09:31]} Bxc7 {[%clk 0:10:18]} 49. Rc3 {[%clk 0:09:25]} Nd6
{[%clk 0:10:23]} 50. Nf6+ {[%clk 0:09:19]} Kg7 {[%clk 0:10:36]} 51. Nxh7
{[%clk 0:07:15]} Ba5 {[%clk 0:07:19]} 52. Rd3 {[%clk 0:05:56]} Kxh7
{[%clk 0:07:22]} 53. Rxd6 {[%clk 0:05:08]} Rd8 {[%clk 0:07:30]} 54. Rd5
{[%clk 0:05:33]} Bc7 {[%clk 0:07:40]} 55. Kg2 {[%clk 0:05:43]} Kg7
{[%clk 0:08:04]} 56. h4 {[%clk 0:05:08]} Kf6 {[%clk 0:08:06]} 57. g4
{[%clk 0:04:25]} Ke7 {[%clk 0:08:12]} 58. Bc6 {[%clk 0:04:50]} Rxd5
{[%clk 0:08:14]} 59. Bxd5 {[%clk 0:05:15]} f6 {[%clk 0:07:55]} 60. h5
{[%clk 0:05:03]} gxh5 {[%clk 0:08:06]} 61. gxh5 {[%clk 0:05:23]} Bf4
{[%clk 0:06:32]} 62. Kf3 {[%clk 0:05:47]} Bd2 {[%clk 0:06:40]} 63. Kg4
{[%clk 0:06:13]} Kf8 {[%clk 0:06:50]} 64. Kf5 {[%clk 0:06:10]} 1/2-1/2

[Event "WCO 2016"]
[Site "?"]
[Date "2016.09.11"]
[Round "9"]
[Board "24"]
[WhiteID "111791"]
[White "Carraro Denise"]
[BlackID "6302661"]
[Black "Topel Zehra"]
[Result "1-0"]
[BlackElo "2156"]
[WhiteElo "2120"]
[LiveChessVersion "1.4.8"]

1. e4 {[%clk 1:29:53]} c5 {[%clk 1:30:45]} 2. Nf3 {[%clk 1:30:14]} d6
{[%clk 1:30:56]} 3. d4 {[%clk 1:30:17]} Nf6 {[%clk 1:31:04]} 4. Nc3
{[%clk 1:30:29]} cxd4 {[%clk 1:31:18]} 5. Nxd4 {[%clk 1:30:54]} a6
{[%clk 1:31:09]} 6. Be2 {[%clk 1:30:47]} e5 {[%clk 1:28:37]} 7. Nb3
{[%clk 1:31:08]} Be6 {[%clk 1:28:44]} 8. Be3 {[%clk 1:29:29]} Be7
{[%clk 1:28:30]} 9. O-O {[%clk 1:29:39]} O-O {[%clk 1:25:32]} 10. a4
{[%clk 1:26:41]} d5 {[%clk 1:17:43]} 11. exd5 {[%clk 1:21:21]} Nxd5
{[%clk 1:17:59]} 12. Nxd5 {[%clk 1:21:25]} Qxd5 {[%clk 1:15:33]} 13. Qxd5
{[%clk 1:16:29]} Bxd5 {[%clk 1:15:54]} 14. c4 {[%clk 1:10:42]} Be6
{[%clk 1:11:04]} 15. Nc5 {[%clk 0:59:55]} Bxc5 {[%clk 1:01:12]} 16. Bxc5
{[%clk 0:59:46]} Rc8 {[%clk 0:58:49]} 17. Rfd1 {[%clk 0:50:12]} Nd7
{[%clk 0:52:38]} 18. Ba3 {[%clk 0:45:01]} e4 {[%clk 0:45:47]} 19. Rd4
{[%clk 0:22:08]} f5 {[%clk 0:39:39]} 20. f3 {[%clk 0:19:32]} Nf6 {[%clk 0:37:00]}
21. Be7 {[%clk 0:17:23]} exf3 {[%clk 0:35:25]} 22. Bxf3 {[%clk 0:17:10]} Ne4
{[%clk 0:29:05]} 23. Rc1 {[%clk 0:10:22]} Kf7 {[%clk 0:20:16]} 24. Bh4
{[%clk 0:07:21]} Nc5 {[%clk 0:13:50]} 25. Bd5 {[%clk 0:07:10]} a5
{[%clk 0:08:29]} 26. Re1 {[%clk 0:06:13]} Ra6 {[%clk 0:06:20]} 27. Re5
{[%clk 0:04:29]} g6 {[%clk 0:05:28]} 28. g4 {[%clk 0:04:46]} fxg4
{[%clk 0:05:07]} 29. Rxg4 {[%clk 0:04:14]} Bxd5 {[%clk 0:01:59]} 30. Rf4+
{[%clk 0:04:02]} Kg8 31. Rxd5 {[%clk 0:04:06]} Re6 {[%clk 0:01:52]} 32. Bf2
{[%clk 0:02:25]} Nxa4 {[%clk 0:01:25]} 33. Rd7 {[%clk 0:01:29]} Rf8
{[%clk 0:01:00]} 34. Rxf8+ {[%clk 0:01:22]} Kxf8 {[%clk 0:01:26]} 35. Rxb7
{[%clk 0:01:44]} Rc6 {[%clk 0:00:53]} 36. b3 {[%clk 0:01:37]} Nc3
{[%clk 0:00:38]} 37. Be1 {[%clk 0:01:24]} Ne2+ {[%clk 0:00:34]} 38. Kf2
{[%clk 0:01:49]} Nd4 {[%clk 0:00:52]} 39. Bxa5 {[%clk 0:01:51]} h5
{[%clk 0:00:59]} 40. Ke3 {[%clk 0:31:16]} Nf5+ {[%clk 0:30:55]} 41. Kf4
{[%clk 0:27:15]} Nd4 {[%clk 0:28:08]} 42. Ke4 {[%clk 0:25:30]} Nf5
{[%clk 0:24:25]} 43. Rb6 {[%clk 0:24:54]} Rxb6 {[%clk 0:24:26]} 44. Bxb6
{[%clk 0:25:20]} Ke7 {[%clk 0:24:45]} 45. b4 {[%clk 0:24:38]} Ke6
{[%clk 0:22:53]} 46. Bc5 {[%clk 0:21:52]} Nh6 {[%clk 0:18:15]} 47. b5
{[%clk 0:20:42]} Nf7 {[%clk 0:18:29]} 48. Bf2 {[%clk 0:18:17]} Ng5+
{[%clk 0:15:35]} 49. Kf4 {[%clk 0:18:07]} Nh3+ {[%clk 0:15:46]} 50. Kg3
{[%clk 0:18:34]} Ng5 {[%clk 0:16:13]} 51. Be3 {[%clk 0:18:36]} Nf7
{[%clk 0:15:34]} 52. b6 {[%clk 0:18:36]} Kd6 {[%clk 0:14:25]} 53. c5+
{[%clk 0:18:31]} Kc6 {[%clk 0:14:50]} 54. Kf4 {[%clk 0:18:54]} Kb7
{[%clk 0:14:51]} 55. Ke4 {[%clk 0:19:09]} Kc6 {[%clk 0:15:17]} 56. h4
{[%clk 0:19:01]} Kd7 {[%clk 0:14:26]} 57. Kd5 {[%clk 0:18:40]} Nd8
{[%clk 0:13:18]} 58. Bf4 {[%clk 0:19:04]} Nc6 {[%clk 0:13:05]} 59. b7
{[%clk 0:19:13]} Ne7+ {[%clk 0:13:05]} 60. Ke4 1-0

[Event "WCO 2016"]
[Site "?"]
[Date "2016.09.11"]
[Round "9"]
[Board "21"]
[WhiteID "3801934"]
[White "Cori T. Deysi"]
[BlackID "14900440"]
[Black "Repkova Eva"]
[Result "1-0"]
[BlackElo "2332"]
[WhiteElo "2402"]
[LiveChessVersion "1.4.8"]

1. d4 {[%clk 1:30:56]} d5 {[%clk 1:30:51]} 2. c4 {[%clk 1:30:35]} e6
{[%clk 1:31:03]} 3. Nc3 {[%clk 1:30:47]} Nf6 {[%clk 1:31:27]} 4. cxd5
{[%clk 1:26:32]} exd5 {[%clk 1:31:51]} 5. Bg5 {[%clk 1:26:53]} c6
{[%clk 1:32:11]} 6. Qc2 {[%clk 1:27:01]} Na6 {[%clk 1:29:57]} 7. a3
{[%clk 1:23:24]} Nc7 {[%clk 1:29:00]} 8. e3 {[%clk 1:22:36]} Ne6 {[%clk 1:26:23]}
9. Bh4 {[%clk 1:22:33]} Bd6 {[%clk 1:24:55]} 10. Bd3 {[%clk 1:21:44]} Qe7
{[%clk 1:24:57]} 11. Nf3 {[%clk 1:19:53]} Nf4 {[%clk 1:24:35]} 12. O-O
{[%clk 1:19:17]} Nxd3 {[%clk 1:20:44]} 13. Qxd3 {[%clk 1:19:45]} O-O
{[%clk 1:18:31]} 14. Rfe1 {[%clk 1:16:36]} Qe6 {[%clk 1:17:35]} 15. Bg3
{[%clk 1:05:30]} Bxg3 {[%clk 1:13:59]} 16. hxg3 {[%clk 1:05:55]} Qg4
{[%clk 1:10:30]} 17. Ne5 {[%clk 0:55:31]} Qh5 {[%clk 1:10:41]} 18. Qe2
{[%clk 0:53:45]} Qg5 {[%clk 1:05:19]} 19. Qf3 {[%clk 0:52:46]} Re8
{[%clk 0:48:42]} 20. Qf4 {[%clk 0:51:17]} Qh5 {[%clk 0:39:51]} 21. f3
{[%clk 0:47:54]} h6 {[%clk 0:38:55]} 22. g4 {[%clk 0:40:05]} Qh4 {[%clk 0:38:40]}
23. b4 {[%clk 0:28:58]} a6 {[%clk 0:33:42]} 24. Na4 {[%clk 0:18:18]} Be6
{[%clk 0:34:05]} 25. Nc5 {[%clk 0:18:31]} Re7 {[%clk 0:34:31]} 26. Rab1
{[%clk 0:16:59]} Rae8 {[%clk 0:33:37]} 27. g3 {[%clk 0:09:40]} Qg5
{[%clk 0:29:53]} 28. Qxg5 {[%clk 0:09:14]} hxg5 {[%clk 0:30:17]} 29. a4
{[%clk 0:09:42]} Bc8 {[%clk 0:29:00]} 30. b5 {[%clk 0:09:25]} cxb5
{[%clk 0:26:25]} 31. axb5 {[%clk 0:09:48]} a5 {[%clk 0:26:53]} 32. Kf2
{[%clk 0:08:50]} b6 {[%clk 0:25:59]} 33. Na4 {[%clk 0:08:39]} Re6
{[%clk 0:25:43]} 34. Rbc1 {[%clk 0:07:19]} Bd7 {[%clk 0:23:17]} 35. Nxd7
{[%clk 0:06:49]} Nxd7 {[%clk 0:23:44]} 36. Rc7 {[%clk 0:07:06]} Nf6
{[%clk 0:23:04]} 37. Rb7 {[%clk 0:03:01]} R8e7 {[%clk 0:16:49]} 38. Rxe7
{[%clk 0:03:07]} Rxe7 {[%clk 0:17:17]} 39. Rc1 {[%clk 0:03:32]} Rb7
{[%clk 0:15:45]} 40. Rc8+ {[%clk 0:32:10]} Kh7 {[%clk 0:46:11]} 41. Rc6
{[%clk 0:32:22]} Ne8 {[%clk 0:45:43]} 42. e4 {[%clk 0:21:08]} Nc7
{[%clk 0:45:33]} 43. exd5 {[%clk 0:08:29]} Nxb5 {[%clk 0:42:49]} 44. Ke3
{[%clk 0:07:17]} Na3 {[%clk 0:36:24]} 45. d6 {[%clk 0:04:59]} b5 {[%clk 0:36:50]}
46. Nc5 {[%clk 0:04:50]} Nc4+ {[%clk 0:28:36]} 47. Kd3 {[%clk 0:05:14]} Rb6
{[%clk 0:28:29]} 48. Rxb6 {[%clk 0:03:43]} Nxb6 {[%clk 0:28:54]} 49. d7
{[%clk 0:04:10]} 1-0

[Event "WCO 2016"]
[Site "?"]
[Date "2016.09.11"]
[Round "9"]
[Board "22"]
[WhiteID "14906341"]
[White "Vrbova Niki"]
[BlackID "3804178"]
[Black "Chumpitaz Ann"]
[Result "0-1"]
[BlackElo "2150"]
[WhiteElo "2186"]
[LiveChessVersion "1.4.8"]

1. d4 {[%clk 1:30:55]} Nf6 {[%clk 1:30:46]} 2. c4 {[%clk 1:31:13]} e6
{[%clk 1:29:46]} 3. Nc3 {[%clk 1:30:52]} Bb4 {[%clk 1:29:20]} 4. a3
{[%clk 1:26:07]} Bxc3+ {[%clk 1:29:39]} 5. bxc3 {[%clk 1:26:33]} b6
{[%clk 1:29:23]} 6. Nf3 {[%clk 1:26:05]} Ne4 {[%clk 1:25:17]} 7. Qc2
{[%clk 1:23:58]} f5 {[%clk 1:21:40]} 8. e3 {[%clk 1:22:12]} O-O {[%clk 1:20:57]}
9. Bd3 {[%clk 1:21:23]} Bb7 {[%clk 1:21:12]} 10. a4 {[%clk 1:18:22]} Rf6
{[%clk 1:14:20]} 11. Bb2 {[%clk 0:53:07]} Rg6 {[%clk 1:06:46]} 12. Rg1
{[%clk 0:47:44]} d6 {[%clk 0:56:32]} 13. O-O-O {[%clk 0:44:32]} Qe8
{[%clk 0:43:15]} 14. d5 {[%clk 0:29:35]} Nc5 {[%clk 0:41:00]} 15. Ba3
{[%clk 0:21:21]} Nxd3+ {[%clk 0:38:19]} 16. Qxd3 {[%clk 0:18:09]} Qxa4
{[%clk 0:34:17]} 17. Kb2 {[%clk 0:18:18]} Na6 {[%clk 0:31:33]} 18. Ra1
{[%clk 0:11:07]} Qe8 {[%clk 0:29:02]} 19. Nd4 {[%clk 0:11:05]} Nc5
{[%clk 0:14:34]} 20. Bxc5 {[%clk 0:11:10]} bxc5 {[%clk 0:15:01]} 21. Nxe6
{[%clk 0:11:00]} Rxe6 {[%clk 0:15:25]} 22. dxe6 {[%clk 0:10:17]} Be4
{[%clk 0:15:51]} 23. Qd1 {[%clk 0:05:42]} Rb8+ {[%clk 0:15:12]} 24. Ka3
{[%clk 0:03:54]} Qxe6 {[%clk 0:14:05]} 25. Qa4 {[%clk 0:02:55]} Rb6 26. f3
{[%clk 0:01:41]} Bc6 {[%clk 0:09:44]} 27. Qa5 {[%clk 0:01:13]} Qxc4
{[%clk 0:10:03]} 28. Rab1 {[%clk 0:01:02]} Bd5 {[%clk 0:08:37]} 0-1

[Event "WCO 2016"]
[Site "?"]
[Date "2016.09.11"]
[Round "9"]
[Board "23"]
[WhiteID "3802191"]
[White "Aliaga Fernandez Ingrid Y"]
[BlackID "14909626"]
[Black "Motycakova Monika"]
[Result "1-0"]
[BlackElo "2109"]
[WhiteElo "2096"]
[LiveChessVersion "1.4.8"]

1. e4 {[%clk 1:30:55]} e5 {[%clk 1:30:56]} 2. Nf3 {[%clk 1:31:21]} Nc6
{[%clk 1:31:20]} 3. d4 {[%clk 1:31:47]} exd4 {[%clk 1:31:43]} 4. Nxd4
{[%clk 1:32:10]} Bc5 {[%clk 1:31:41]} 5. Nb3 {[%clk 1:32:31]} Bb6
{[%clk 1:32:00]} 6. Nc3 {[%clk 1:32:45]} d6 {[%clk 1:31:34]} 7. Qe2
{[%clk 1:33:06]} Nge7 {[%clk 1:31:23]} 8. Be3 {[%clk 1:25:56]} O-O
{[%clk 1:31:08]} 9. O-O-O {[%clk 1:19:33]} f5 {[%clk 1:30:05]} 10. h4
{[%clk 1:07:00]} f4 {[%clk 0:53:52]} 11. Bxb6 {[%clk 1:00:17]} axb6
{[%clk 0:54:17]} 12. a3 {[%clk 1:00:29]} Ne5 {[%clk 0:51:04]} 13. f3
{[%clk 0:43:45]} Kh8 {[%clk 0:39:28]} 14. h5 {[%clk 0:37:15]} h6 {[%clk 0:29:56]}
15. Qd2 {[%clk 0:28:58]} Be6 {[%clk 0:24:25]} 16. Nd4 {[%clk 0:29:03]} Bg8
{[%clk 0:24:00]} 17. Be2 {[%clk 0:22:19]} c6 {[%clk 0:17:06]} 18. g3
{[%clk 0:08:29]} fxg3 {[%clk 0:13:47]} 19. f4 {[%clk 0:08:50]} Nc4
{[%clk 0:10:15]} 20. Bxc4 {[%clk 0:05:12]} Bxc4 {[%clk 0:10:43]} 21. Qe3
{[%clk 0:05:35]} g2 {[%clk 0:08:12]} 22. Rh2 {[%clk 0:05:28]} Qe8
{[%clk 0:04:35]} 23. Rxg2 {[%clk 0:05:48]} Qxh5 {[%clk 0:02:58]} 24. Rdg1
{[%clk 0:05:38]} Rg8 {[%clk 0:02:08]} 25. f5 {[%clk 0:04:48]} Kh7
{[%clk 0:00:34]} 26. Nf3 {[%clk 0:05:08]} Nxf5 1-0

[Event "WCO 2016"]
[Site "?"]
[Date "2016.09.11"]
[Round "9"]
[Board "24"]
[WhiteID "14923653"]
[White "Sucikova Svetlana"]
[BlackID "3804976"]
[Black "Felix Vega Aurora Edith"]
[Result "1/2-1/2"]
[BlackElo "2053"]
[WhiteElo "2112"]
[LiveChessVersion "1.4.8"]

1. c4 {[%clk 1:30:37]} d6 {[%clk 1:30:55]} 2. d4 {[%clk 1:29:34]} e5
{[%clk 1:30:17]} 3. dxe5 {[%clk 1:26:47]} dxe5 {[%clk 1:30:41]} 4. Qxd8+
{[%clk 1:27:08]} Kxd8 {[%clk 1:31:09]} 5. Nf3 {[%clk 1:27:12]} f6
{[%clk 1:31:19]} 6. Nc3 {[%clk 1:26:12]} c6 {[%clk 1:31:21]} 7. g3
{[%clk 1:21:50]} Be6 {[%clk 1:31:41]} 8. b3 {[%clk 1:21:39]} Nd7 {[%clk 1:25:22]}
9. Bg2 {[%clk 1:20:27]} Bb4 {[%clk 1:15:47]} 10. Bb2 {[%clk 1:17:49]} Nh6
{[%clk 1:08:52]} 11. O-O {[%clk 1:16:41]} Kc7 {[%clk 1:02:10]} 12. Rac1
{[%clk 1:14:52]} Bxc3 {[%clk 0:58:13]} 13. Bxc3 {[%clk 1:13:38]} Nf7
{[%clk 0:55:09]} 14. Ba5+ {[%clk 1:04:55]} b6 {[%clk 0:55:03]} 15. Bb4
{[%clk 1:02:57]} a5 {[%clk 0:49:33]} 16. Ba3 {[%clk 0:56:20]} Rhd8
{[%clk 0:28:38]} 17. Rfd1 {[%clk 0:50:18]} Bg4 {[%clk 0:28:11]} 18. Kf1
{[%clk 0:46:21]} Nc5 {[%clk 0:21:34]} 19. Ne1 {[%clk 0:39:52]} Ne6
{[%clk 0:19:06]} 20. f3 {[%clk 0:33:48]} Bf5 {[%clk 0:18:44]} 21. e4
{[%clk 0:29:33]} Bg6 {[%clk 0:19:13]} 22. Nc2 {[%clk 0:23:50]} Rxd1+
{[%clk 0:11:27]} 23. Rxd1 {[%clk 0:23:57]} Rd8 {[%clk 0:11:36]} 24. Rxd8
{[%clk 0:23:07]} Nfxd8 {[%clk 0:12:04]} 25. Kf2 {[%clk 0:21:41]} f5
{[%clk 0:08:14]} 26. Bb2 {[%clk 0:19:37]} Kd6 {[%clk 0:08:04]} 27. Ne3
{[%clk 0:18:31]} fxe4 {[%clk 0:03:39]} 28. fxe4 {[%clk 0:18:40]} Nc5
{[%clk 0:01:48]} 29. Ba3 {[%clk 0:17:52]} Nde6 {[%clk 0:02:17]} 30. Nd1
{[%clk 0:14:50]} b5 {[%clk 0:02:07]} 31. cxb5 {[%clk 0:13:50]} cxb5
{[%clk 0:02:35]} 32. Ke3 {[%clk 0:12:38]} b4 {[%clk 0:01:10]} 33. Bb2
{[%clk 0:12:31]} a4 {[%clk 0:00:58]} 34. bxa4 {[%clk 0:11:22]} Nxa4
{[%clk 0:01:27]} 35. Ba1 {[%clk 0:11:13]} Bf7 {[%clk 0:01:05]} 36. Nf2
{[%clk 0:05:42]} Nec5 {[%clk 0:01:30]} 37. Ng4 {[%clk 0:06:06]} Nd7
{[%clk 0:01:37]} 38. Bf1 {[%clk 0:06:34]} Bxa2 {[%clk 0:01:05]} 39. Bb5
{[%clk 0:06:50]} Nac5 {[%clk 0:01:15]} 40. Bxd7 {[%clk 0:34:19]} Nxd7
{[%clk 0:31:44]} 41. Nf2 {[%clk 0:32:24]} Bb1 {[%clk 0:30:57]} 42. Ng4
{[%clk 0:26:36]} h5 {[%clk 0:28:10]} 43. Nf2 {[%clk 0:26:59]} Nc5
{[%clk 0:28:35]} 44. g4 {[%clk 0:25:35]} Nb3 {[%clk 0:28:58]} 45. Bb2
{[%clk 0:25:47]} Na5 {[%clk 0:28:46]} 46. Kd2 {[%clk 0:20:52]} Nb3+
{[%clk 0:24:27]} 47. Ke3 {[%clk 0:20:05]} g6 {[%clk 0:24:36]} 48. gxh5
{[%clk 0:16:43]} gxh5 {[%clk 0:25:04]} 49. h4 {[%clk 0:15:00]} Nc5
{[%clk 0:22:06]} 50. Bc1 {[%clk 0:14:07]} Bc2 {[%clk 0:20:33]} 51. Bb2
{[%clk 0:13:01]} b3 {[%clk 0:14:41]} 52. Ba3 {[%clk 0:12:34]} Ke6
{[%clk 0:14:46]} 53. Bc1 {[%clk 0:10:57]} Na4 {[%clk 0:13:19]} 54. Kd2
{[%clk 0:11:01]} Kd6 {[%clk 0:10:48]} 55. Ba3+ {[%clk 0:10:53]} Kc6
{[%clk 0:11:11]} 56. Bf8 {[%clk 0:09:25]} Nb6 {[%clk 0:11:11]} 57. Kc3
{[%clk 0:08:52]} Kb5 {[%clk 0:05:10]} 58. Bg7 {[%clk 0:08:07]} Nd7
{[%clk 0:04:26]} 59. Bh6 {[%clk 0:05:43]} Ka4 {[%clk 0:04:21]} 60. Bc1
{[%clk 0:06:11]} Nf6 {[%clk 0:03:25]} 61. Bb2 {[%clk 0:06:07]} Kb5
{[%clk 0:00:51]} 62. Ba3 {[%clk 0:04:02]} Nd7 {[%clk 0:00:55]} 63. Bd6
{[%clk 0:03:58]} Kc6 {[%clk 0:00:46]} 64. Be7 {[%clk 0:04:14]} Nb6
{[%clk 0:01:03]} 65. Bf8 {[%clk 0:04:21]} Na4+ {[%clk 0:00:56]} 66. Kd2
{[%clk 0:04:41]} Kb5 {[%clk 0:00:59]} 67. Bd6 {[%clk 0:04:10]} Nb6
{[%clk 0:01:08]} 68. Kc3 {[%clk 0:04:29]} Nc4 {[%clk 0:01:19]} 69. Bf8
{[%clk 0:04:20]} Ka4 {[%clk 0:00:45]} 70. Be7 {[%clk 0:04:26]} Na5
{[%clk 0:00:35]} 71. Bf8 {[%clk 0:04:03]} Nc6 {[%clk 0:00:55]} 72. Bd6
{[%clk 0:04:13]} Na7 {[%clk 0:00:42]} 73. Kb2 {[%clk 0:03:23]} Nc6
{[%clk 0:00:38]} 74. Kc3 {[%clk 0:03:43]} Kb5 {[%clk 0:01:07]} 75. Bf8
{[%clk 0:04:00]} Nd4 {[%clk 0:01:15]} 76. Bd6 {[%clk 0:04:02]} Nf3
{[%clk 0:01:27]} 77. Be7 {[%clk 0:04:10]} Kc6 {[%clk 0:00:58]} 78. Bf6
{[%clk 0:03:23]} Kd7 {[%clk 0:01:19]} 79. Kb2 {[%clk 0:03:45]} Ke6
{[%clk 0:01:36]} 80. Bd8 {[%clk 0:04:13]} Nh2 {[%clk 0:00:37]} 81. Kc3
{[%clk 0:02:28]} Ng4 {[%clk 0:00:43]} 82. Bb6 {[%clk 0:01:43]} Nf6
{[%clk 0:00:45]} 83. Bd8 {[%clk 0:01:54]} Ne8 {[%clk 0:00:40]} 84. Bg5
{[%clk 0:01:52]} Nd6 {[%clk 0:01:03]} 85. Bh6 {[%clk 0:01:38]} Bxe4
{[%clk 0:00:47]} 86. Kxb3 {[%clk 0:02:04]} Nf7 {[%clk 0:00:42]} 87. Nxe4
{[%clk 0:01:01]} Kf5 {[%clk 0:01:11]} 88. Ng3+ {[%clk 0:01:09]} Kg4
{[%clk 0:01:39]} 89. Nxh5 {[%clk 0:01:27]} Kxh5 {[%clk 0:01:50]} 90. Bg7
{[%clk 0:01:26]} e4 {[%clk 0:01:26]} 91. Kc3 {[%clk 0:01:47]} Kg4
{[%clk 0:00:44]} 92. Kd2 {[%clk 0:01:40]} Kf3 {[%clk 0:00:45]} 93. Bd4
{[%clk 0:02:03]} Nd6 {[%clk 0:00:35]} 94. Bc5 {[%clk 0:00:51]} Nc4+
{[%clk 0:00:37]} 95. Ke1 {[%clk 0:01:10]} Ne5 {[%clk 0:00:48]} 96. Bd4
{[%clk 0:01:30]} Nd3+ {[%clk 0:00:53]} 97. Kf1 {[%clk 0:01:56]} Nf4
{[%clk 0:01:09]} 98. Bc5 {[%clk 0:02:04]} Ne6 {[%clk 0:01:01]} 99. Ba7
{[%clk 0:02:18]} Kg4 {[%clk 0:01:07]} 100. Ke2 {[%clk 0:01:55]} Kf5
{[%clk 0:01:02]} 101. Be3 {[%clk 0:01:48]} Ng7 102. Bb6 {[%clk 0:02:02]} Nh5
{[%clk 0:01:03]} 103. Bc7 {[%clk 0:02:23]} Nf6 {[%clk 0:00:55]} 104. Bb6
{[%clk 0:02:39]} Nd5 {[%clk 0:00:49]} 105. Be3 {[%clk 0:02:20]} Nc3+
{[%clk 0:00:38]} 106. Kd2 {[%clk 0:02:43]} Nb5 {[%clk 0:00:45]} 107. h5
{[%clk 0:02:57]} Nd6 {[%clk 0:00:58]} 108. h6 {[%clk 0:03:19]} Kg6
{[%clk 0:01:17]} 109. Ke2 {[%clk 0:03:43]} Nf5 {[%clk 0:01:40]} 110. Bc1
{[%clk 0:03:58]} 1/2-1/2

[Event "WCO 2016"]
[Site "?"]
[Date "2016.09.11"]
[Round "9"]
[Board "25"]
[WhiteID "5704820"]
[White "Tan Li Ting"]
[BlackID "2124807"]
[Black "Alboredo Julia"]
[Result "1-0"]
[BlackElo "2135"]
[WhiteElo "1993"]
[LiveChessVersion "1.4.8"]

1. d4 {[%clk 1:30:51]} Nf6 {[%clk 1:30:42]} 2. c4 {[%clk 1:31:08]} g6
{[%clk 1:30:56]} 3. Nc3 {[%clk 1:31:29]} Bg7 {[%clk 1:31:10]} 4. e4
{[%clk 1:31:17]} d6 {[%clk 1:31:10]} 5. Nf3 {[%clk 1:29:53]} O-O {[%clk 1:30:53]}
6. Be2 {[%clk 1:30:10]} e5 {[%clk 1:31:08]} 7. d5 {[%clk 1:30:00]} a5
{[%clk 1:29:47]} 8. O-O {[%clk 1:28:42]} Na6 {[%clk 1:29:34]} 9. Bg5
{[%clk 1:09:42]} Nc5 {[%clk 1:24:54]} 10. Nd2 {[%clk 1:09:36]} h6
{[%clk 1:23:38]} 11. Be3 {[%clk 1:08:23]} b6 {[%clk 1:21:14]} 12. b3
{[%clk 1:04:17]} Bd7 {[%clk 1:20:14]} 13. a3 {[%clk 0:59:53]} Qe8
{[%clk 1:19:46]} 14. Re1 {[%clk 0:57:42]} Nh7 {[%clk 1:17:20]} 15. f3
{[%clk 0:54:13]} f5 {[%clk 1:15:28]} 16. b4 {[%clk 0:53:50]} axb4
{[%clk 1:10:34]} 17. axb4 {[%clk 0:51:56]} Na4 {[%clk 1:10:07]} 18. Qc2
{[%clk 0:50:43]} f4 {[%clk 1:09:05]} 19. Bf2 {[%clk 0:51:02]} g5 {[%clk 1:06:29]}
20. Nb5 {[%clk 0:48:00]} Qg6 {[%clk 0:41:28]} 21. Rxa4 {[%clk 0:43:11]} Rxa4
{[%clk 0:41:47]} 22. Qxa4 {[%clk 0:43:36]} h5 {[%clk 0:42:07]} 23. Kh1
{[%clk 0:38:00]} g4 {[%clk 0:41:46]} 24. Qa7 {[%clk 0:34:45]} g3 {[%clk 0:40:13]}
25. Bg1 {[%clk 0:35:04]} Rf7 {[%clk 0:36:08]} 26. Bf1 {[%clk 0:33:38]} Bf8
{[%clk 0:31:38]} 27. Nxc7 {[%clk 0:30:32]} Rg7 {[%clk 0:28:53]} 28. Re2
{[%clk 0:29:46]} Ng5 {[%clk 0:24:01]} 29. Qxb6 {[%clk 0:27:37]} Ba4
{[%clk 0:22:07]} 30. Ne6 {[%clk 0:26:03]} Nxe6 {[%clk 0:21:40]} 31. dxe6
{[%clk 0:26:28]} gxh2 {[%clk 0:20:49]} 32. Bf2 {[%clk 0:25:40]} Bc2
{[%clk 0:18:10]} 33. Qc6 {[%clk 0:13:56]} Be7 {[%clk 0:10:37]} 34. Qd5
{[%clk 0:14:12]} h4 {[%clk 0:10:40]} 35. Kxh2 {[%clk 0:12:39]} h3
{[%clk 0:09:49]} 36. gxh3 {[%clk 0:09:40]} Bd1 {[%clk 0:05:30]} 37. Re1
{[%clk 0:07:09]} Kh7 {[%clk 0:04:25]} 38. Rxd1 {[%clk 0:06:50]} Bh4
{[%clk 0:04:42]} 39. Bb6 {[%clk 0:07:08]} Bd8 {[%clk 0:03:47]} 40. Qxd6
{[%clk 0:34:17]} Bc7 {[%clk 0:30:42]} 41. Qc5 {[%clk 0:33:43]} 1-0